Statistiques concernant Îles les plus grandes (version 50)

Cliquez ici pour prendre le quiz!

Statistiques générales

  • Ce quiz a été pris 75 fois
  • Le résultat moyen est 18 sur 50

Statistiques - réponses

ContinentSuperficie (km²)Réponses% Correct
Océanie
7 692 300
Australie
99%
Afrique587 295Madagascar
88%
Amérique du Nord105 007Cuba
81%
Amérique du Nord
2 130 800
Groenland
78%
Europe216 777Grande-Bretagne
72%
Europe84 406Irlande
71%
Asie65 268Sri Lanka
71%
Europe102 828Islande
68%
Asie743 330Bornéo
67%
Asie35 883Taïwan
67%
Europe23 813Sardaigne
65%
Europe25 460Sicile
65%
Asie126 700Java
64%
Amérique du Nord76 480Hispaniola
58%
Asie425 000Sumatra
57%
Asie227 414Honshu
52%
Asie78 073Hokkaido
49%
Océanie150 737Île du Sud (Nouvelle-Zélande)
46%
Océanie114 050Île du Nord (Nouvelle-Zélande)
45%
Océanie775 210Nouvelle-Guinée
45%
Amérique du Nord108 860 Terre-Neuve
41%
Amérique du Nord507 451Île de Baffin
39%
Océanie60 637Île de Tasmanie
39%
Amérique du Nord217 291Île Victoria
32%
Asie36 555Kyushu
30%
Asie76 400Sakhaline
30%
Asie104 688Luçon
29%
Asie33 572Hainan
28%
Asie174 600Célèbes
25%
Amérique du Sud47 992Grande île de la Terre de Feu
22%
Amérique du Nord196 236Île d'Ellesmere
20%
Asie94 630Mindanao
17%
Amérique du Nord31 285Île de Vancouver
16%
Asie30 777Timor
14%
Europe39 044Spitzberg
12%
Amérique du Nord70 028Île Banks
10%
Océanie35 145Nouvelle-Bretagne
10%
Antarctique49 069
Île Alexandre 1er
6%
Amérique du Nord55 247Île Devon
6%
Europe48 904Île Severny
6%
Amérique du Nord33 339Île du Prince-de-Galles
4%
Amérique du Nord42 149Île Melville
4%
Amérique du Nord24 786Île Somerset
4%
Amérique du Nord43 178Île Axel Heiberg
3%
Amérique du Nord41 214Île Southampton
3%
Amérique du Sud40 100Marajó
3%
Europe33 275
Île Ioujny
1%
Antarctique43 873Île Berkner
1%
Amérique du Sud20 000Île de Bananal
1%
Asie23 165Île Kotelny
1%

Distribution des résultats

Percentile par nombre de réponses

% des personnes avec chaque résultat

Votre développement - résultats

Vous n’avez pas pris ce quiz